| 000 | 00636nam a2200229 i 4500 | ||
|---|---|---|---|
| 001 | 147355 | ||
| 003 | ES-MaACL | ||
| 005 | 20260525062934.0 | ||
| 007 | t| | ||
| 008 | 070928s1976 sp ||||1| spa d | ||
| 080 | _a86-4"19" | ||
| 100 | 1 |
_aUnamuno, Miguel de, _d1864-1936 _9111982 |
|
| 245 | 1 | 3 |
_aLa dignidad humana / _cMiguel de Unamuno. |
| 250 | _a7ª ed. | ||
| 260 |
_aMadrid : _bEspasa Calpe, _c1976. |
||
| 300 |
_a149 p. ; _c18 cm. |
||
| 490 | 1 |
_aColección austral ; _v440 |
|
| 650 | 4 |
_aDignidad de la persona. _911889 |
|
| 830 | 1 |
_aColección austral _v440 _9177655 |
|
| 852 |
_aES-MaACL _jA-5806 |
||
| 999 |
_c147355 _d147355 |
||